Diccionario de třminos fiscales ISR, CFF, IVA y otras disposiciones fiscales

Detalles Bibliográficos
Autor principal: Feregrino Paredes, Baltazar
Formato: eBook
Lenguaje:español
Publicado: Ciudad de Mx̌ico: Ediciones Fiscales ISEF, 2019
Edición:Novena edicin̤
Materias:
Acceso en línea:Acceso restringido

MARC

LEADER 00000nam a22000007a 4500
005 20190807003217.0
007 cr|||| ||||
008 190807s2019 mx |||||s|||| 00||0 spa d
020 |a 978-607-541-135-4 
035 |a 23924 
040 |a vLex 
090 |c 9117  |d 9117 
100 1 |a Feregrino Paredes, Baltazar 
245 1 0 |a Diccionario de třminos fiscales ISR, CFF, IVA y otras disposiciones fiscales  |h [Recurso electrn̤ico] /  |c Baltazar Feregrino Paredes 
250 |a Novena edicin̤ 
256 |a Servicio en ln̕ea 
260 |a Ciudad de Mx̌ico:  |b Ediciones Fiscales ISEF,  |c 2019 
300 |a 1 recurso electrn̤ico 
506 1 |a Disponible solo en los productos indicados  |d vLex Global  |d vLex Global (Academic Edition, excluding Law Schools)  |d vLex Global (U.S. Academic Edition, Law Schools)  |d vLex Global (U.S. Academic Edition, excluding Law Schools)  |d vLex Global (Academic Edition, Law Schools) 
650 0 4 |a Derecho Tributario  |z Mx̌ico 
740 0 |a vLex Libros (Servicio en ln̕ea) 
856 4 0 |u http://vlex.com/source/diccionario-terminos-fiscales-isr-cff-iva-disposiciones-fiscales-23924  |z Acceso restringido 
942 |c BOOK 
999 0 |a Tax Law